Estadísticas para Todas las peliculas que hizo Adam Sandler

Haz click aquí para intentar la prueba.

Estadísticas generales

  • Esta prueba ha sido intentada 55 veces
  • La puntuación promedio es 8 de 50

Estadísticas de respuestas

AñoPelicula% Correcto
2006Click
63%
2011Grown Ups
54%
2014Grown Ups 2
50%
2012Jack and Jill
35%
1996Happy Gilmore
30%
2015Pixels
30%
2011Just Go With It
26%
200450 First Dates
24%
2002Mr Deeds
22%
2019Uncut Gems
22%
1995Billy Madison
20%
2013Hotel Transylvania
20%
2015Hotel Transylvania 2
20%
1999Big Daddy
17%
2014Blended
17%
2020Hubie Halloween
17%
2019Murder Mystery
17%
2004Spanglish
17%
2000Little Nicky
15%
2012Thats My Boy
15%
2016The Ridiculous 6
15%
1998The Waterboy
15%
1989Going Overboard
13%
2016The Do-Over
13%
2005The Longest Yard
13%
2009Bedtime Stories
11%
2002Punch-Drunk Love
11%
2017Sandy Wexler
11%
1998The Wedding Singer
11%
1993Coneheads
9%
2007Reign Over Me
9%
2001The Animal
9%
2006The Bench Warmers
9%
2002The Hot Chick
9%
2017The Meyerowitz Stories
9%
2011Zookeeper
9%
1994Airheads
7%
1996Bulletproof
7%
2010Funny People
7%
2007I Now Pronounce You Chuck and Larry
7%
2009Mall Cop
7%
2015Mall Cop 2
7%
2015The Cobbler
7%
2018The Week Of
7%
2020The Wrong Missy
7%
2002Eight Crazy Nights
4%
2008You Dont Mess With Zohan
4%
2003Anger Managment
2%
2005European Gigolo
2%
2018Hotel Translivania 3
2%

Distribución de puntuación

Porcentaje por número respondido

Porcentaje de gente con cada puntuación

Historial de tus puntuaciones

No has intentado esta prueba.